Central Library OPAC University of Rajshahi

The German Army and the Nazi Party 1933-39 / (Record no. 26902)

MARC details
000 -LEADER
fixed length control field 00935cam a22002891 4500
001 - CONTROL NUMBER
control field 26902
003 - CONTROL NUMBER IDENTIFIER
rucl marc code BD-RjUL
005 - DATE AND TIME OF LATEST TRANSACTION
control field 20211209051102.0
008 - FIXED-LENGTH DATA ELEMENTS--GENERAL INFORMATION
fixed length control field 140324t19681966enkabcf b 001 0 eng
020 ## - INTERNATIONAL STANDARD BOOK NUMBER
International Standard Book Number 0552079103
035 ## - SYSTEM CONTROL NUMBER
System control number (BD-RjUL)26973
040 ## - CATALOGING SOURCE
Original cataloging agency DLC
Transcribing agency DLC
Modifying agency DLC
-- BD-RjUL
Language of cataloging eng
041 ## - LANGUAGE CODE
Language code of text/sound track or separate title eng
082 00 - DEWEY DECIMAL CLASSIFICATION NUMBER
Classification number 355.3510943
Author mark and year ONG 1968
100 1# - MAIN ENTRY--PERSONAL NAME
Personal name O'Neill, Robert John.
9 (RLIN) 82690
245 14 - TITLE STATEMENT
Title The German Army and the Nazi Party 1933-39 /
Statement of responsibility, etc. [by] Robert J. O'Neill; foreword by Sir Basil Liddell Hart.
250 ## - EDITION STATEMENT
Edition statement Corgi ed.
260 ## - PUBLICATION, DISTRIBUTION, ETC. (IMPRINT)
Place of publication, distribution, etc. London :
Name of publisher, distributor, etc. Corgi,
Date of publication, distribution, etc. c1966 [1968].
300 ## - PHYSICAL DESCRIPTION
Pagination xviii, 383 p. :
Illustrations 16 plates, illus., facsims., map, ports. ;
Size 19 cm.
350 ## - PRICE (NR) (BK AM CF MU VM SE) [OBSOLETE]
Price 7/6
504 ## - BIBLIOGRAPHY, ETC. NOTE
Bibliography, etc Includes Bibliography (p. 325-339) and index.
610 10 - SUBJECT ADDED ENTRY--CORPORATE NAME
Corporate name or jurisdiction name as entry element Germany.
Subordinate unit Heer
Corporate name or jurisdiction name as entry element Nationalsozialistische Deutsche Arbeiter-Partei.
942 ## - ADDED ENTRY ELEMENTS (KOHA)
Source of classification or shelving scheme Dewey Decimal Classification
Koha item type Books
Holdings
Lost status Source of classification or shelving scheme Damaged status Not for loan Collection code Permanent Location Current Location Shelving location Date acquired Source of acquisition Cost, normal purchase price Total Checkouts Full call number Date last seen Copy number Koha item type
  Dewey Decimal Classification   Added to bundle Non-fiction Central Library, University of Rajshahi Central Library, University of Rajshahi Reading Room 16/09/1974 Paramount book corporation 6.25   355.3510943 ONG 1968 24/03/2014 C-1 Books